Kinder thinkers K1 Enlgish : (Record no. 8847)

MARC details
000 -LEADER
fixed length control field 01076nam a22002177a 4500
001 - CONTROL NUMBER
control field 8847
003 - CONTROL NUMBER IDENTIFIER
control field FISKH
005 - DATE AND TIME OF LATEST TRANSACTION
control field 20251023101545.0
008 - FIXED-LENGTH DATA ELEMENTS--GENERAL INFORMATION
fixed length control field 251023b cb ||||| |||| 00| 0 eng d
020 ## - INTERNATIONAL STANDARD BOOK NUMBER
International Standard Book Number 9780195887228
040 ## - CATALOGING SOURCE
Original cataloging agency FISKH
Language of cataloging eng
Transcribing agency FISKH
Modifying agency FISKH
082 ## - DEWEY DECIMAL CLASSIFICATION NUMBER
Classification number 813
100 ## - MAIN ENTRY--PERSONAL NAME
Personal name Teo, Joyce
245 ## - TITLE STATEMENT
Title Kinder thinkers K1 Enlgish :
Remainder of title ABC term 3 /
Statement of responsibility, etc. Author : Joyce Teo ; Consultant : Linda Gan
250 ## - EDITION STATEMENT
Edition statement This edition published in 2008.
260 ## - PUBLICATION, DISTRIBUTION, ETC.
Place of publication, distribution, etc. Singapore :
Name of publisher, distributor, etc. Marshall Cavendish,
Date of publication, distribution, etc. 2000
300 ## - PHYSICAL DESCRIPTION
Extent 53 pages :
Other physical details color illustrations ;
Dimensions 30 cm
520 ## - SUMMARY, ETC.
Summary, etc. Kinder Thinkers K1 English is a preschool English learning series designed to help children aged 4 to 5 develop foundational language and literacy skills through fun, structured, and thematic lessons.<br/>The course introduces young learners to basic vocabulary, sentence building, phonics, listening and speaking skills, and simple reading comprehension. Lessons are taught through colorful illustrations, songs, rhymes, stories, and hands-on activities.
942 ## - ADDED ENTRY ELEMENTS (KOHA)
Source of classification or shelving scheme Dewey Decimal Classification
Koha item type Books
Suppress in OPAC No
Holdings
Withdrawn status Lost status Source of classification or shelving scheme Damaged status Not for loan Collection Home library Current library Shelving location Date acquired Total Checkouts Full call number Barcode Date last seen Copy number Price effective from Koha item type
    Dewey Decimal Classification     Reference Footprints International School Library Network Toul Kork Campus Footprints International School Library Network Toul Kork Campus Librarian's Shelf TK 10/23/2025   TEO 813 FISTK04300 10/23/2025 1 10/23/2025 Books